| 000 | 00386nam a2200157Ia 4500 | ||
|---|---|---|---|
| 008 | 221030s9999 xx 000 0 und d | ||
| 020 | _a8185336679 | ||
| 041 | _aEnglish | ||
| 082 |
_a105.23 _bRam |
||
| 100 | _aM. Ramamoorthy | ||
| 245 | 0 | _aIntroduction to Thyristors & their Application | |
| 260 |
_bEast-West Press _aNew Delhi _c1997 |
||
| 300 | _a328 | ||
| 650 | _aEE | ||
| 942 | _cBK | ||
| 999 |
_c1494 _d1494 |
||